000 00333nam a22001457a 4500
008 210305b ||||| |||| 00| 0 eng d
020 _a9780070407732
041 _aeng
080 _23th
_a159.9
082 _23th
_a159.9
100 _a48
101 _aPSI
245 _aExperiencing Social Psychology
_cPines,M.A
942 _2udc
_cBK
999 _c55882
_d55882